000
00275nam a2200109Ia 4500
008
190914s9999||||xx |||||||||||||| ||und||
100
_a
Indian Institute Banking
245
0
_a
Information System For Banks
260
_a
India
_b
S. Chand
_c
1997
300
_a
475
942
_c
BK
999
_c
10094
_d
10094